A pattern for life: (Record no. 7418)

000 -LEADER
fixed length control field 00588nam a2200181 a 4500
001 - CONTROL NUMBER
control field :::00005179$&:&@@
003 - CONTROL NUMBER IDENTIFIER
control field OkBaRHE
005 - DATE AND TIME OF LATEST TRANSACTION
control field 20000607103323.0
008 - FIXED-LENGTH DATA ELEMENTS--GENERAL INFORMATION
fixed length control field s1953 j 000 0 eng u
040 ## - CATALOGING SOURCE
Transcribing agency
100 1# - MAIN ENTRY--PERSONAL NAME
Personal name Hunter, Archibald Macbride.
245 12 - TITLE STATEMENT
Title A pattern for life:
Remainder of title an exposition of the sermon on the mount.
260 ## - PUBLICATION, DISTRIBUTION, ETC. (IMPRINT)
Place of publication, distribution, etc Philadelphia, PA., :
Name of publisher, distributor, etc Westminster Press
Date of publication, distribution, etc 1953
300 ## - PHYSICAL DESCRIPTION
Extent 127 p. ;
Dimensions 19 cm.
650 ## - SUBJECT ADDED ENTRY--TOPICAL TERM
Topical term or geographic name as entry element Sermon on the Mount
942 ## - ADDED ENTRY ELEMENTS (KOHA)
Source of classification or shelving scheme
Koha item type Books
Copies
Withdrawn status Barcode Not for loan Copy number Lost status Damaged status Price effective from Shelving location Full call number Source of classification or shelving scheme Date acquired Permanent Location Date last seen Koha item type
 5179 1  2010-04-14General StacksBT 380.2 .H85 2010-04-14RHEMA Bible Training College2010-04-14Books